000 01099cam a2200313 a 4500
001 j 67002775
003 DLC
005 20260227111522.0
008 950829m19649999ja ab b 001 0 jpn
010 _aj 67002775
020 _a4634211505 (v. 15)
035 _a(CStRLIN)DCLP95-B17794
040 _aDLC
_cDLC
_dDLC-R
_dDLC
043 _aa-ja---
050 0 0 _aDS835
_b.T25
066 _c$1
245 0 0 _6880-01
_aTaikei Nihon shi sōsho /
_cFujiki Kunihiko tō hen.
250 _6880-02
_aDai 1-han.
260 _6880-03
_aTōkyō :
_bYamakawa Shuppansha,
_c1964-<2001 >
300 _av. <1-23 > :
_bill., maps ;
_c22 cm.
504 _aIncludes bibliographical references and indexes.
505 2 _a1-3. Seijishi -- 15. Seikatsushi, I -- 21. Geinōshi -- 22-23. Shisōshi
651 0 _aJapan
_xHistory.
700 1 _6880-04
_aFujiki, Kunihiko,
_d1907-
880 0 0 _6245-01/$1
_a体系日本史叢書 /
_c藤木邦彦等編.
880 _6250-02/$1
_a第 1版.
880 _6260-03/$1
_a東京 :
_b山川出版社,
_c1964-<2001 >
880 1 _6700-04/$1
_a藤木邦彦,
_d1907-
999 _c35159
_d35159